| 000 | 00690ntaaa2200193 4500 | ||
|---|---|---|---|
| 003 | 01 | ||
| 005 | 20251027202614.0 | ||
| 008 | 0714s1973 ag 01 | ||
| 040 |
_aAR-BaBN _bspa _cAR-BaBN _eaacr _dRIC |
||
| 082 | _a369.4300 G93b | ||
| 100 |
_aGuerra, P. Guido _925329 |
||
| 245 | _aB.P., la religion en el escultismo | ||
| 250 | _a1 ed. | ||
| 260 |
_aBuenos Aires : _bClaretiana, _c1978 |
||
| 300 |
_a83 p ; _c16 cm |
||
| 500 | _aReflexiones acerca de la esposicion de Baden Powell sobre el tema "La religion en los movimientos de Scouts y Guias", en la Conferencia Conjunta de Comisionados de ambos Movimientos, en High Leigh, el 2 de julio 1926 | ||
| 650 |
_ajovenes _91664 |
||
| 942 | _cBK | ||
| 999 |
_c21196 _d21196 |
||